| 000 | 00799cab a2200229 4500 | ||
|---|---|---|---|
| 001 | ABS51392 | ||
| 008 | 090401t1994 xxu||||| |||| 00| 0 eng d | ||
| 035 | _a(Sirsi) u24616 | ||
| 041 | _aeng | ||
| 100 | _aGarbutt, J. | ||
| 245 | _aBury the cat carefully - waste management control in the 1990s | ||
| 260 | _c1994 | ||
| 350 | _a0 | ||
| 490 |
_aEnvironmental Policy and Practice _v4(2) 1994 79-83(5) |
||
| 520 | _aExamines the waste on land provisions of the Environmental Protection Act 1990 Part II and the Waste Management Licensing Regulations 1994. | ||
| 650 | _aENVIRONMENTAL PROTECTION ACT 1990 PART II | ||
| 650 | _aWASTE MANAGEMENT LICENSING REGULATIONS 1994 | ||
| 650 | _aWASTE MANAGEMENT | ||
| 690 | _aENVIRONMENTAL AND LAND CONSULTANCY | ||
| 942 | _n0 | ||
| 948 | _c04/03/1997 | ||
| 999 |
_c16514 _d16514 |
||